[Event "Chessemy Open 2022"]
[Site "Reinstorf"]
[Date "2022.01.30"]
[Round "2.17"]
[White "Lehmann, Simon"]
[Black "Kreusch, Frank"]
[Result "1/2-1/2"]
[WhiteElo "1322"]
[BlackElo "1789"]
[Annotator "NA RC"]
[PlyCount "97"]
[EventDate "2022.01.29"]
[EventType "swiss"]
[EventCountry "GER"]
[SourceTitle "playchess.com"]
[Source "ChessBase"]
[SourceQuality "1"]

1. d4 Nf6 2. Bf4 g6 3. Nf3 Bg7 4. e3 c5 5. c3 Qb6 6. Qb3 Qxb3 7. axb3 cxd4 8. exd4 d6 9. Bd3 Nh5 10. Bd2 O-O 11. O-O Nc6 12. Re1 e5 13. dxe5 Nxe5 14. Be4 Nf6 15. Nxe5 Nxe4 16. Nxg6 Nxd2 17. Nxd2 hxg6 18. Nc4 Be6 19. Nxd6 Rfd8 20. Nxb7 Rd2 21. Nc5 Bf5 22. Na4 Rad8 23. h3 Bf8 24. b4 Bd7 25. Nc5 Bxc5 26. bxc5 Rxb2 27. Rxa7 Bb5 28. Rb7 Rdd2 29. Re4 Rxf2 30. Rxb5 Rxg2+ 31. Kh1 Rh2+ 32. Kg1 Rbg2+ 33. Kf1 Rc2 34. Kg1 Rxh3 35. c4 Rd3 36. Rb1 f5 37. Re7 Rd8 38. Re6 Kf7 39. Rc6 Re8 40. Rb7+ Re7 41. Rxe7+ Kxe7 42. Rxg6 Rxc4 43. c6 Kd8 44. Kf2 Kc7 45. Kf3 Kb6 46. Rf6 Rxc6 47. Rxc6+ Kxc6 48. Kf4 Kd5 49. Kxf5 1/2-1/2

[Event "Chessemy Open 2022"]
[Site "Reinstorf"]
[Date "2022.01.30"]
[Round "2.18"]
[White "Niermann, Tristan"]
[Black "Nyenhuis, Yannek"]
[Result "1-0"]
[WhiteElo "2263"]
[BlackElo "1956"]
[Annotator "TA"]
[PlyCount "61"]
[EventDate "2022.01.29"]
[EventType "swiss"]
[EventCountry "GER"]
[SourceTitle "playchess.com"]
[Source "ChessBase"]
[SourceQuality "1"]

1. d4 Nf6 2. c4 e6 3. Nf3 d5 4. g3 Be7 5. Bg2 O-O 6. O-O dxc4 7. Qc2 a6 8. a4 Bd7 9. Qxc4 Bc6 10. Bf4 Nbd7 11. Nc3 Bd6 12. Bd2 a5 13. Rfd1 Qe7 14. Nb5 Nb6 15. Qc1 Nxa4 16. Nxd6 cxd6 17. Qc2 Rfc8 18. Rdc1 Nb6 19. Qb3 Nbd7 20. Rxa5 Rxa5 21. Bxa5 Ra8 22. Bb4 Nd5 23. Ba3 f6 24. Nd2 Ra6 25. e4 Nc7 26. d5 Rb6 27. Qc4 Ne5 28. Qd4 exd5 29. Qxb6 dxe4 30. Nxe4 Nb5 31. Qe3 1-0

[Event "Chessemy Open 2022"]
[Site "Reinstorf"]
[Date "2022.01.30"]
[Round "2.19"]
[White "De Vries, Leonard"]
[Black "Richter, Nils"]
[Result "0-1"]
[WhiteElo "1988"]
[BlackElo "2270"]
[Annotator "TA"]
[PlyCount "80"]
[EventDate "2022.01.29"]
[EventType "swiss"]
[EventCountry "GER"]
[SourceTitle "playchess.com"]
[Source "ChessBase"]
[SourceQuality "1"]

1. Nf3 d5 2. g3 Nd7 3. d4 Nb6 4. Bg2 Bf5 5. Nbd2 c6 6. b3 e6 7. O-O Be7 8. Bb2 Nf6 9. Ne5 O-O 10. Re1 a5 11. a4 Qc7 12. Rc1 Rfd8 13. c4 Bb4 14. cxd5 exd5 15. Bc3 Ba3 16. Ra1 Bd6 17. Nd3 Re8 18. Nc5 Nbd7 19. e4 dxe4 20. Ndxe4 Nxe4 21. Nxe4 Bxe4 22. Bxe4 Nf6 23. Bg2 Bb4 24. Qd2 Qd6 25. Bxb4 axb4 26. Rxe8+ Rxe8 27. Rc1 h5 28. a5 h4 29. a6 h3 30. Bxh3 bxa6 31. Bg2 Ne4 32. Bxe4 Rxe4 33. Rc4 a5 34. f3 Re8 35. Rc5 Ra8 36. Qf4 Qe6 37. Rh5 g6 38. Rh4 Re8 39. Qh6 Qe3+ 40. Qxe3 Rxe3 0-1

[Event "Chessemy Open 2022"]
[Site "Reinstorf"]
[Date "2022.01.30"]
[Round "2.19"]
[White "Sayas Payyappat"]
[Black "Semling, Johannes"]
[Result "0-1"]
[WhiteElo "1223"]
[BlackElo "1765"]
[Annotator "NA RC"]
[PlyCount "110"]
[EventDate "2022.01.29"]
[EventType "swiss"]
[EventCountry "GER"]
[SourceTitle "playchess.com"]
[Source "ChessBase"]
[SourceQuality "1"]

1. e4 c5 2. f4 d5 3. e5 Nc6 4. Bb5 e6 5. Nf3 Nge7 6. c3 a6 7. Bxc6+ Nxc6 8. d4 Qb6 9. O-O Be7 10. b3 O-O 11. Be3 a5 12. Qd3 cxd4 13. Nxd4 Bc5 14. Rf3 Bxd4 15. Bxd4 Nxd4 16. cxd4 Bd7 17. Rh3 g6 18. Nd2 Bb5 19. Qe3 f6 20. Re1 Rac8 21. Nf3 Qc7 22. a4 Ba6 23. Rh4 Qc3 24. exf6 Rxf6 25. Ng5 Qxe3+ 26. Rxe3 Rcf8 27. g3 h5 28. Kf2 Re8 29. Kf3 b5 30. g4 hxg4+ 31. Kxg4 bxa4 32. bxa4 Ref8 33. Kg3 Re8 34. Rh7 Ref8 35. Rh4 Bc4 36. Kf3 Re8 37. Rg4 Kg7 38. Rg1 Ba6 39. Rb1 Bc8 40. Re5 Ref8 41. Nh3 Ba6 42. Rb6 Bf1 43. Ng5 Rxf4+ 44. Ke3 Kh6 45. Nxe6 Rf3+ 46. Kd2 Rf2+ 47. Kc1 Rc8+ 48. Nc5 Bc4 49. Ree6 Rg2 50. Kd1 Rf8 51. Nb7 Rf1+ 52. Re1 Be2+ 53. Kd2 Bg4+ 54. Kc3 Rf3+ 55. Re3 Rxe3# 0-1

[Event "Chessemy Open 2022"]
[Site "Reinstorf"]
[Date "2022.01.30"]
[Round "2.20"]
[White "Sreyas Payyappat"]
[Black "Reuter, Maximilian"]
[Result "1-0"]
[WhiteElo "2250"]
[BlackElo "1933"]
[Annotator "TA"]
[PlyCount "57"]
[EventDate "2022.01.29"]
[EventType "swiss"]
[EventCountry "GER"]
[SourceTitle "playchess.com"]
[Source "ChessBase"]
[SourceQuality "1"]

1. e4 e6 2. d4 d5 3. Nc3 Bb4 4. e5 c5 5. a3 Bxc3+ 6. bxc3 Qa5 7. Bd2 Qa4 8. Qg4 Kf8 9. Ra2 Nc6 10. Nf3 Nge7 11. Bd3 b6 12. Qf4 h6 13. O-O Ba6 14. dxc5 Qxf4 15. Bxf4 Bxd3 16. cxd3 g5 17. Be3 g4 18. Ne1 bxc5 19. Bxc5 Nxe5 20. d4 N5c6 21. f3 gxf3 22. Nxf3 Kg7 23. Ne5 f6 24. Nd7 Ng8 25. Raf2 f5 26. g4 Nf6 27. gxf5 Nxd7 28. fxe6 Nxc5 29. Rg2+ 1-0

[Event "Chessemy Open 2022"]
[Site "Reinstorf"]
[Date "2022.01.30"]
[Round "2.20"]
[White "Wagner, Frank"]
[Black "Bergmann, Paul"]
[Result "1/2-1/2"]
[WhiteElo "1948"]
[BlackElo "1401"]
[Annotator "TA"]
[PlyCount "56"]
[EventDate "2022.01.29"]
[EventType "swiss"]
[EventCountry "GER"]
[SourceTitle "playchess.com"]
[Source "ChessBase"]
[SourceQuality "1"]

1. Nf3 d5 2. d4 Nf6 3. Bf4 Bf5 4. e3 e6 5. Bd3 Bxd3 6. Qxd3 c6 7. Nbd2 Nbd7 8. O-O h6 9. h3 Be7 10. c4 c5 11. Qb3 Qb6 12. Bh2 O-O 13. Qc2 Rfc8 14. b3 cxd4 15. exd4 Bb4 16. Qd3 Rc6 17. a3 Bxd2 18. Nxd2 dxc4 19. bxc4 Rac8 20. Rfb1 Qa6 21. Qb3 Rb6 22. Qe3 Rxb1+ 23. Rxb1 Nb6 24. c5 Nbd5 25. Qb3 b6 26. Bd6 Qe2 27. Nf3 Ne4 28. Rb2 Qa6 1/2-1/2

[Event "Chessemy Open 2022"]
[Site "Reinstorf"]
[Date "2022.01.30"]
[Round "2.21"]
[White "Poschadel, Andreas Gregor"]
[Black "Hoffmann, Hendrik"]
[Result "0-1"]
[WhiteElo "1981"]
[BlackElo "2245"]
[Annotator "TA"]
[PlyCount "132"]
[EventDate "2022.01.29"]
[EventType "swiss"]
[EventCountry "GER"]
[SourceTitle "playchess.com"]
[Source "ChessBase"]
[SourceQuality "1"]

1. e4 e5 2. Nf3 Nf6 3. Nxe5 d6 4. Nf3 Nxe4 5. d4 d5 6. Bd3 Nd6 7. O-O Be7 8. Ne5 O-O 9. Nc3 c6 10. Be3 Bf5 11. Ne2 Nd7 12. Ng3 Bxd3 13. Qxd3 f6 14. Nxd7 Qxd7 15. Bf4 f5 16. f3 g6 17. b3 Bf6 18. Be5 Bxe5 19. dxe5 f4 20. Ne2 Nf7 21. e6 Qxe6 22. Nxf4 Qf6 23. Qd2 Rae8 24. Rad1 Nd6 25. Nd3 Nf5 26. Rfe1 Qd4+ 27. Qf2 Re3 28. Rxe3 Nxe3 29. c3 Qb6 30. Re1 Re8 31. Kh1 Re7 32. Qg3 Qd8 33. Qg5 Nf5 34. Ne5 Qe8 35. f4 Nd6 36. Re3 Nf7 37. Nxf7 Rxe3 38. Nh6+ Kg7 39. Nf5+ Kf7 40. Nxe3 Qxe3 41. h3 Qxc3 42. Qh4 h5 43. Qg5 Qf6 44. Qh6 d4 45. f5 Qxf5 46. Qh7+ Ke6 47. Qxb7 Qf1+ 48. Kh2 Qf4+ 49. Kh1 Qc1+ 50. Kh2 Qc5 51. Qc8+ Kf6 52. g3 Qc2+ 53. Kh1 Qb1+ 54. Kh2 Qxa2+ 55. Kh1 Qb1+ 56. Kh2 Qc2+ 57. Kh1 Qe4+ 58. Kh2 Qd5 59. Qf8+ Ke5 60. Qe7+ Kf5 61. Qxa7 Ke4 62. Qg7 Qd6 63. Qh8 Kf3 64. Kh1 Kxg3 65. Qg8 Qf6 66. Qb8+ Qf4 0-1

[Event "Chessemy Open 2022"]
[Site "Reinstorf"]
[Date "2022.01.30"]
[Round "2.22"]
[White "Kugler, Florian"]
[Black "Limbach, Torsten"]
[Result "1-0"]
[WhiteElo "2222"]
[BlackElo "1963"]
[Annotator "TA"]
[PlyCount "85"]
[EventDate "2022.01.29"]
[EventType "swiss"]
[EventCountry "GER"]
[SourceTitle "playchess.com"]
[Source "ChessBase"]
[SourceQuality "1"]

1. d4 d5 2. Nf3 Nf6 3. g3 g6 4. Bg2 Bg7 5. O-O O-O 6. c4 c6 7. b3 Bf5 8. Bb2 Be4 9. Nc3 Bxf3 10. Bxf3 e6 11. Qc2 Nbd7 12. Rad1 a5 13. e4 dxe4 14. Nxe4 Nxe4 15. Bxe4 Nf6 16. Bf3 Qc7 17. Bc1 Rfd8 18. Be3 Rd7 19. Rd2 Rad8 20. Rfd1 h6 21. h4 Kh8 22. Qb1 Kg8 23. a3 Kh8 24. b4 axb4 25. axb4 Ra8 26. b5 cxb5 27. Qxb5 Rc8 28. Rc2 Rcd8 29. Rb1 Nd5 30. Bxd5 exd5 31. c5 Qc6 32. Ra2 Qxb5 33. Rxb5 Re8 34. Ra7 Ree7 35. Rb4 Kh7 36. Kf1 Bf6 37. Bf4 Rd8 38. Rbxb7 Rxb7 39. Rxb7 Kg7 40. c6 g5 41. c7 gxf4 42. Rb8 fxg3 43. Rxd8 1-0

[Event "Chessemy Open 2022"]
[Site "Reinstorf"]
[Date "2022.01.30"]
[Round "2.22"]
[White "Nguyen, Bach Khoi"]
[Black "Werther, Jens"]
[Result "0-1"]
[WhiteElo "1086"]
[BlackElo "1699"]
[Annotator "NA RC"]
[PlyCount "112"]
[EventDate "2022.01.29"]
[EventType "swiss"]
[EventCountry "GER"]
[SourceTitle "playchess.com"]
[Source "ChessBase"]
[SourceQuality "1"]

1. e4 c6 2. d4 d5 3. Nc3 dxe4 4. Nxe4 Bf5 5. Ng3 Bg6 6. Nf3 Nf6 7. Bc4 e6 8. O-O Nbd7 9. Re1 Be7 10. c3 Nb6 11. Bd3 Bxd3 12. Qxd3 O-O 13. Bg5 Nbd7 14. Bxf6 Nxf6 15. Ne4 c5 16. Rad1 cxd4 17. Nxd4 a6 18. h3 Qb6 19. b3 Rfd8 20. Qf3 Rac8 21. Ne2 h6 22. N2g3 Qa5 23. a4 b5 24. axb5 Qxb5 25. c4 Qb6 26. Rxd8+ Rxd8 27. Rd1 Rb8 28. Rd3 a5 29. Qe3 Qxe3 30. Rxe3 Rd8 31. Rc3 Rd4 32. f3 Nxe4 33. Nxe4 Bb4 34. Rc1 f5 35. Ng3 Bc5 36. Kh1 Rd3 37. Rb1 Rd2 38. Kh2 Bd6 39. Rc1 Bc5 40. Rb1 Bd6 41. Rc1 Bc5 42. Rb1 g6 43. h4 Kf7 44. Kh3 Kf6 45. Kh2 e5 46. Kh3 Ke6 47. Kh2 Be7 48. Kh3 Rd8 49. Rc1 Bc5 50. Ra1 Bb4 51. Rc1 Rd3 52. Rb1 e4 53. fxe4 Bd6 54. e5 Bxe5 55. Re1 Rxg3+ 56. Kh2 Re3+ 0-1

[Event "Chessemy Open 2022"]
[Site "Reinstorf"]
[Date "2022.01.30"]
[Round "2.23"]
[White "Schell, Franz Juergen"]
[Black "Hommer, Jeremy"]
[Result "0-1"]
[WhiteElo "1969"]
[BlackElo "2220"]
[Annotator "TA"]
[PlyCount "42"]
[EventDate "2022.01.29"]
[EventType "swiss"]
[EventCountry "GER"]
[SourceTitle "playchess.com"]
[Source "ChessBase"]
[SourceQuality "1"]

1. e4 e6 2. d3 d5 3. Nd2 Nc6 4. Ngf3 Nf6 5. e5 Nd7 6. d4 f6 7. exf6 Qxf6 8. Nb3 Bd6 9. Bg5 Qf7 10. Be2 O-O 11. Qd2 Nf6 12. O-O Ne4 13. Qe3 Bd7 14. Bd3 Qh5 15. h3 Rxf3 16. Qxf3 Qxf3 17. gxf3 Nxg5 18. Kg2 Rf8 19. Be2 e5 20. Rh1 exd4 21. Rad1 Ne6 0-1

[Event "Chessemy Open 2022"]
[Site "Reinstorf"]
[Date "2022.01.30"]
[Round "2.23"]
[White "Wilmink, Anna"]
[Black "Zhou, Leyi Charlotte"]
[Result "1/2-1/2"]
[WhiteElo "1696"]
[BlackElo "1240"]
[Annotator "NA RC"]
[PlyCount "117"]
[EventDate "2022.01.29"]
[EventType "swiss"]
[EventCountry "GER"]
[SourceTitle "playchess.com"]
[Source "ChessBase"]
[SourceQuality "1"]

1. e4 e5 2. Nf3 Nc6 3. d4 exd4 4. Nxd4 Qf6 5. Nb3 b6 6. Nc3 Bb4 7. Bd2 Qe5 8. Bd3 Nf6 9. Qe2 O-O 10. O-O-O Re8 11. f4 Qe6 12. Qf3 Bb7 13. Rde1 a5 14. a4 Bxc3 15. Bxc3 Nb4 16. f5 Qe7 17. Nd2 Na2+ 18. Kb1 Nxc3+ 19. bxc3 Qa3 20. Nb3 Qxa4 21. Kb2 Bxe4 22. Bxe4 Rxe4 23. Nd4 Rae8 24. Ra1 Qc4 25. Ra3 c5 26. Nb3 Re3 27. Nd2 Qb5+ 28. Rb3 Qxb3+ 29. Kxb3 Rxf3 30. Nxf3 b5 31. Rd1 d5 32. g4 Rd8 33. Ne5 g6 34. h4 Ne4 35. Nc6 a4+ 36. Kb2 Rd7 37. Ne5 Rd6 38. Nd3 c4 39. Nb4 a3+ 40. Kxa3 Nxc3 41. Rd4 gxf5 42. gxf5 h5 43. f6 Kh7 44. Kb2 Na4+ 45. Kc1 Nb6 46. Kd2 Kg6 47. Ke3 Re6+ 48. Kf4 Rxf6+ 49. Ke5 Re6+ 50. Kf4 Re4+ 51. Rxe4 dxe4 52. Kxe4 Na4 53. Nd5 f6 54. Nf4+ Kh6 55. Nd5 Kg7 56. Kf5 c3 57. Nxf6 b4 58. Nxh5+ Kh6 59. Nf4 1/2-1/2

[Event "Chessemy Open 2022"]
[Site "Reinstorf"]
[Date "2022.01.30"]
[Round "2.24"]
[White "Redzisz, Michal"]
[Black "Mueller, Christian"]
[Result "1-0"]
[WhiteElo "2261"]
[BlackElo "2219"]
[Annotator "TA"]
[PlyCount "79"]
[EventDate "2022.01.29"]
[EventType "swiss"]
[EventCountry "GER"]
[SourceTitle "playchess.com"]
[Source "ChessBase"]
[SourceQuality "1"]

1. d4 d5 2. c4 e6 3. Nc3 c6 4. cxd5 exd5 5. Qc2 g6 6. e3 Bf5 7. Bd3 Bxd3 8. Qxd3 Nf6 9. Nge2 Bg7 10. O-O O-O 11. b4 a6 12. a4 Qd6 13. f3 Re8 14. Rb1 b5 15. e4 dxe4 16. fxe4 Nbd7 17. Qf3 Qe6 18. e5 Nd5 19. Nxd5 Qxd5 20. Qxd5 cxd5 21. axb5 axb5 22. Nc3 Nb6 23. Nxb5 Rec8 24. Nd6 Rc7 25. Bf4 Rc2 26. Rfc1 Raa2 27. Rxc2 Rxc2 28. Ra1 f6 29. e6 Bf8 30. Ra6 g5 31. Bg3 Nc8 32. Ra8 Ne7 33. Ne8 f5 34. Be5 Rc8 35. Nf6+ Kg7 36. Nd7+ Kg8 37. Nf6+ Kg7 38. Nxd5+ Kh6 39. Rxc8 Nxc8 40. Bf6 1-0

[Event "Chessemy Open 2022"]
[Site "Reinstorf"]
[Date "2022.01.30"]
[Round "2.25"]
[White "Zschiesing, Falk"]
[Black "Laux, Dominik"]
[Result "0-1"]
[WhiteElo "1961"]
[BlackElo "2200"]
[Annotator "TA"]
[PlyCount "102"]
[EventDate "2022.01.29"]
[EventType "swiss"]
[EventCountry "GER"]
[SourceTitle "playchess.com"]
[Source "ChessBase"]
[SourceQuality "1"]

1. e4 c5 2. Nf3 d6 3. d4 cxd4 4. Qxd4 Nc6 5. Qe3 g6 6. Bc4 Bg7 7. Nc3 Nf6 8. O-O O-O 9. h3 a6 10. a4 Qc7 11. Rd1 Nb4 12. Qe2 Nd7 13. Nd5 Nxd5 14. exd5 Ne5 15. Nxe5 Bxe5 16. Rb1 Bf5 17. g4 Bxc2 18. Qxc2 Rfc8 19. b3 b5 20. axb5 axb5 21. Bg5 bxc4 22. bxc4 f6 23. Be3 Qxc4 24. Qxc4 Rxc4 25. Rb7 Kf7 26. Kg2 Rac8 27. Kf3 R4c7 28. Rb5 Rc3 29. Rb7 f5 30. Ke2 R8c4 31. f3 Rc2+ 32. Rd2 f4 33. Bf2 g5 34. h4 h6 35. hxg5 hxg5 36. Rb5 Bd4 37. Bxd4 Rxd2+ 38. Kxd2 Rxd4+ 39. Kc3 Rd1 40. Kc2 Re1 41. Rb3 Re2+ 42. Kd1 Re3 43. Rxe3 fxe3 44. Ke2 Kf6 45. Kxe3 Ke5 46. f4+ gxf4+ 47. Kf3 Kxd5 48. Kxf4 Ke6 49. Kg5 Kf7 50. Kh6 Kg8 51. Kg6 d5 0-1

[Event "Chessemy Open 2022"]
[Site "Reinstorf"]
[Date "2022.01.30"]
[Round "2.25"]
[White "Cordsen, Heinrich"]
[Black "Limper, Cornelia"]
[Result "1-0"]
[WhiteElo "1685"]
[BlackElo "1178"]
[Annotator "NA RC"]
[PlyCount "53"]
[EventDate "2022.01.29"]
[EventType "swiss"]
[EventCountry "GER"]
[SourceTitle "playchess.com"]
[Source "ChessBase"]
[SourceQuality "1"]

1. e4 d5 2. exd5 Nf6 3. d4 Nxd5 4. c4 Nf6 5. Nf3 e6 6. Bd3 Nbd7 7. O-O Be7 8. Nc3 O-O 9. Bf4 a6 10. a3 c5 11. Be3 cxd4 12. Bxd4 Bc5 13. Be2 Bxd4 14. Qxd4 b6 15. Rad1 Ra7 16. Rd2 Qe7 17. Rfd1 Rd8 18. Ne5 Rc7 19. Bf3 Qf8 20. Na4 Bb7 21. Nxb6 Qc5 22. Qxc5 Rxc5 23. Nexd7 Bxf3 24. Nxf6+ gxf6 25. Rxd8+ Kg7 26. gxf3 Rg5+ 27. Kh1 1-0

[Event "Chessemy Open 2022"]
[Site "Reinstorf"]
[Date "2022.01.30"]
[Round "2.26"]
[White "Goh, Choon Keng Philip"]
[Black "Himpenmacher, Andy"]
[Result "0-1"]
[WhiteElo "1960"]
[BlackElo "2191"]
[Annotator "TA"]
[PlyCount "112"]
[EventDate "2022.01.29"]
[EventType "swiss"]
[EventCountry "GER"]
[SourceTitle "playchess.com"]
[Source "ChessBase"]
[SourceQuality "1"]

1. Nf3 d5 2. g3 e6 3. Bg2 f5 4. d4 Nf6 5. c4 Be7 6. O-O Ne4 7. Nc3 c6 8. Qb3 Nd7 9. Rd1 O-O 10. Ne1 Kh8 11. Nxe4 fxe4 12. f3 exf3 13. Bxf3 Nb6 14. cxd5 exd5 15. a4 Bd6 16. Nd3 Qe7 17. Qc3 a5 18. b3 Bf5 19. Bd2 Nd7 20. Re1 h6 21. Nf4 Kh7 22. Qe3 Qf7 23. g4 Rae8 24. Qf2 Bc2 25. Nh5 Bb4 26. Bxb4 axb4 27. Rec1 Bxb3 28. Qe1 Bc4 29. Rxc4 dxc4 30. Qxb4 Nf6 31. Ng3 Qd7 32. Qxc4 Nxg4 33. Qd3+ Kh8 34. Rd1 Ne3 35. Rd2 Qh3 36. Qg6 Re6 37. Qh5 Qxh5 38. Nxh5 g5 39. h3 Rd8 40. Rd3 Nc2 41. d5 cxd5 42. Bxd5 Rxe2 43. Rc3 Ne3 44. Bb3 Rdd2 45. Rc8+ Kh7 46. Rc7+ Kg6 47. Bf7+ Kf5 48. Ng3+ Kf4 49. Nxe2+ Rxe2 50. Rxb7 Kg3 51. Rb1 Kxh3 52. a5 g4 53. a6 Rg2+ 54. Kh1 Nf5 55. Rb3+ Ng3+ 56. Rxg3+ Rxg3 0-1

[Event "Chessemy Open 2022"]
[Site "Reinstorf"]
[Date "2022.01.30"]
[Round "2.26"]
[White "Cordts, Elof"]
[Black "Skytte, Robert"]
[Result "1-0"]
[WhiteElo "1676"]
[BlackElo "1180"]
[Annotator "NA RC"]
[PlyCount "75"]
[EventDate "2022.01.29"]
[EventType "swiss"]
[EventCountry "GER"]
[SourceTitle "playchess.com"]
[Source "ChessBase"]
[SourceQuality "1"]

1. e4 c6 2. d4 d5 3. Nc3 dxe4 4. Nxe4 Nf6 5. Nxf6+ exf6 6. c3 Bd6 7. Bd3 O-O 8. Ne2 Re8 9. O-O Nd7 10. Ng3 Nf8 11. Qf3 Be6 12. Bf4 Bxf4 13. Qxf4 Ng6 14. Qd2 Qd7 15. a3 c5 16. a4 cxd4 17. Bb5 dxc3 18. Qxc3 Qc8 19. Bxe8 Qxc3 20. bxc3 Rxe8 21. Rfc1 Rc8 22. Nf1 Nf4 23. Rc2 h6 24. Ra3 Bf5 25. Rd2 Re8 26. Ne3 Ng6 27. Kf1 Bc8 28. c4 Ne5 29. Rc3 Be6 30. c5 Rc8 31. f4 Nc6 32. f5 Nd8 33. fxe6 Nxe6 34. Rdc2 Nd4 35. Rd2 Ne6 36. Rd7 Rb8 37. Nf5 Kf8 38. Nd6 1-0

[Event "Chessemy Open 2022"]
[Site "Reinstorf"]
[Date "2022.01.30"]
[Round "2.27"]
[White "Borkhardt, Arndt"]
[Black "Wronn, Bernd"]
[Result "0-1"]
[WhiteElo "1940"]
[BlackElo "2178"]
[Annotator "TA"]
[PlyCount "77"]
[EventDate "2022.01.29"]
[EventType "swiss"]
[EventCountry "GER"]
[SourceTitle "playchess.com"]
[Source "ChessBase"]
[SourceQuality "1"]

1. e4 c6 2. Nf3 d5 3. Nc3 Bg4 4. h3 Bh5 5. exd5 cxd5 6. Bb5+ Nc6 7. g4 Bg6 8. Ne5 Rc8 9. d4 e6 10. Qe2 Bb4 11. h4 Nge7 12. h5 Be4 13. f3 O-O 14. Nxc6 Nxc6 15. Be3 Qf6 16. fxe4 Nxd4 17. Bxd4 Qxd4 18. Rd1 Bxc3+ 19. bxc3 Qxc3+ 20. Kf1 dxe4 21. Qxe4 f5 22. Qxe6+ Kh8 23. Qb3 fxg4+ 24. Kg2 Qc5 25. Rhf1 Rf3 26. Rxf3 gxf3+ 27. Qxf3 Qxb5 28. Rd5 Rxc2+ 29. Kg3 Qe8 30. h6 Qg6+ 31. Kh3 Qxh6+ 32. Kg4 Rc4+ 33. Kg3 Qg6+ 34. Kf2 Rc2+ 35. Kf1 Rc8 36. a4 h6 37. a5 Qb1+ 38. Rd1 Qb5+ 39. Ke1 0-1

[Event "Chessemy Open 2022"]
[Site "Reinstorf"]
[Date "2022.01.30"]
[Round "2.28"]
[White "Koellner, Aaron Noah"]
[Black "Marcinczyk, Monika"]
[Result "1-0"]
[WhiteElo "2155"]
[BlackElo "2020"]
[Annotator "TA"]
[PlyCount "49"]
[EventDate "2022.01.29"]
[EventType "swiss"]
[EventCountry "GER"]
[SourceTitle "playchess.com"]
[Source "ChessBase"]
[SourceQuality "1"]

1. d4 Nf6 2. Bg5 e6 3. Nd2 h6 4. Bh4 d5 5. e3 c5 6. c3 Nbd7 7. f4 Bd6 8. Ngf3 cxd4 9. cxd4 Qa5 10. Bd3 Ne4 11. O-O Ndf6 12. Bxf6 Nxf6 13. Ne5 Bd7 14. Nxd7 Nxd7 15. Nf3 O-O 16. g4 f6 17. h4 Rf7 18. Kh1 Nf8 19. Qe2 Re8 20. g5 e5 21. fxe5 fxe5 22. dxe5 Bxe5 23. Nxe5 Rxf1+ 24. Rxf1 Rxe5 25. Qf3 1-0

[Event "Chessemy Open 2022"]
[Site "Reinstorf"]
[Date "2022.01.30"]
[Round "2.29"]
[White "Lau, Felix"]
[Black "Kardoeus, David"]
[Result "0-1"]
[WhiteElo "1927"]
[BlackElo "2169"]
[Annotator "TA"]
[PlyCount "42"]
[EventDate "2022.01.29"]
[EventType "swiss"]
[EventCountry "GER"]
[SourceTitle "playchess.com"]
[Source "ChessBase"]
[SourceQuality "1"]

1. e4 e5 2. Nc3 Nf6 3. f4 d5 4. fxe5 Nxe4 5. Qf3 Nxc3 6. bxc3 c5 7. d4 Nc6 8. Bb5 cxd4 9. Bxc6+ bxc6 10. cxd4 Qh4+ 11. Qf2 Bb4+ 12. Kf1 Ba6+ 13. Ne2 Qe4 14. Qe3 Qf5+ 15. Kg1 Qxc2 16. Kf2 O-O 17. Kf3 f6 18. e6 Rfe8 19. Nf4 g5 20. Nh5 Qf5+ 21. Kg3 Bd6+ 0-1

[Event "Chessemy Open 2022"]
[Site "Reinstorf"]
[Date "2022.01.30"]
[Round "2.30"]
[White "Ramme, Christoph"]
[Black "Gressmann, Hanna"]
[Result "1/2-1/2"]
[WhiteElo "2140"]
[BlackElo "1892"]
[Annotator "TA"]
[PlyCount "91"]
[EventDate "2022.01.29"]
[EventType "swiss"]
[EventCountry "GER"]
[SourceTitle "playchess.com"]
[Source "ChessBase"]
[SourceQuality "1"]

1. e4 e5 2. Nf3 Nc6 3. Bb5 a6 4. Ba4 Nf6 5. O-O Be7 6. Re1 b5 7. Bb3 d6 8. a4 b4 9. d4 Bg4 10. dxe5 Nxe5 11. Nbd2 O-O 12. h3 Bh5 13. a5 Nfd7 14. g4 Bg6 15. Nxe5 dxe5 16. Bd5 Rb8 17. Qe2 Bc5 18. Nf3 Qc8 19. Bc4 Ra8 20. Bg5 Re8 21. Rad1 Nf8 22. Nh4 Ne6 23. Bxe6 Qxe6 24. c3 Qb3 25. Rd5 Bd6 26. Nxg6 hxg6 27. Qd2 bxc3 28. bxc3 Rab8 29. Qd3 Qa3 30. Bc1 Qb3 31. Bd2 Re6 32. Qxa6 Ba3 33. Qd3 Rd6 34. Rxd6 cxd6 35. Kg2 Ra8 36. Rb1 Qa4 37. c4 Bc5 38. Rb7 Qa2 39. Qd5 Rf8 40. Kg3 Bd4 41. Be3 Bxe3 42. fxe3 Qe2 43. a6 Qxe3+ 44. Kg2 Qe2+ 45. Kg3 Qe3+ 46. Kg2 1/2-1/2

[Event "Chessemy Open 2022"]
[Site "Reinstorf"]
[Date "2022.01.30"]
[Round "2.32"]
[White "Ziese, Gerhard"]
[Black "Eilenberg, Jonas"]
[Result "1/2-1/2"]
[WhiteElo "1876"]
[BlackElo "2135"]
[Annotator "TA"]
[PlyCount "60"]
[EventDate "2022.01.29"]
[EventType "swiss"]
[EventCountry "GER"]
[SourceTitle "playchess.com"]
[Source "ChessBase"]
[SourceQuality "1"]

1. c4 e6 2. d4 d5 3. Nf3 Nf6 4. Bf4 Be7 5. e3 O-O 6. Nc3 b6 7. Be2 Bb7 8. O-O a6 9. Rc1 Nbd7 10. Ne5 Rc8 11. Bf3 Ne4 12. Nxe4 dxe4 13. Be2 Nxe5 14. Bxe5 f6 15. Bg3 c5 16. Qd2 Bd6 17. Rfd1 Bxg3 18. hxg3 Qe7 19. a4 a5 20. Qc3 Rfd8 21. b3 Kf8 22. Rd2 f5 23. Rcd1 Qf6 24. Qc1 cxd4 25. Rxd4 Rxd4 26. Rxd4 e5 27. Rd2 Rd8 28. Qd1 Rxd2 29. Qxd2 Ke7 30. c5 Qc6 1/2-1/2

[Event "Chessemy Open 2022"]
[Site "Reinstorf"]
[Date "2022.01.30"]
[Round "2.33"]
[White "Bui, Bao Anh Le"]
[Black "Schulze, Tim"]
[Result "1/2-1/2"]
[WhiteElo "2132"]
[BlackElo "1578"]
[Annotator "TA"]
[PlyCount "79"]
[EventDate "2022.01.29"]
[EventType "swiss"]
[EventCountry "GER"]
[SourceTitle "playchess.com"]
[Source "ChessBase"]
[SourceQuality "1"]

1. e4 c6 2. d4 d5 3. e5 Bf5 4. h4 h5 5. Bd3 Bxd3 6. Qxd3 Qa5+ 7. Nd2 e6 8. Ngf3 Nh6 9. O-O Nf5 10. c4 Qa6 11. b3 Be7 12. g3 O-O 13. Bb2 Nd7 14. Rac1 Rac8 15. Qb1 Rfd8 16. Rfd1 Qb6 17. Kg2 a5 18. Qd3 Qa6 19. Ne1 Qa7 20. Ndf3 Qa6 21. c5 Qxd3 22. Nxd3 Ra8 23. a3 Rdc8 24. Rc2 g6 25. Rdc1 Nb8 26. Bc3 Bd8 27. Bd2 Na6 28. Be3 Nc7 29. a4 Na6 30. Kh3 Kg7 31. Bd2 Kg8 32. g4 hxg4+ 33. Kxg4 Kg7 34. Rh1 Bc7 35. Rcc1 Rh8 36. Bg5 Bd8 37. Be3 Rh5 38. Nf4 Rh7 39. Nd3 Be7 40. Bg5 1/2-1/2